The Illustrated Life of Shivaji Maharaj/ (Record no. 203835)

MARC details
000 -LEADER
fixed length control field 00679nam a22002057a 4500
005 - DATE AND TIME OF LATEST TRANSACTION
control field 20240701114934.0
010 ## - LCCN (DPL NO)
LC control number B-760006
020 ## - INTERNATIONAL STANDARD BOOK NUMBER
Terms of availability 300.00
035 ## - SYSTEM CONTROL NUMBER
System control number B-760006
037 ## - SOURCE OF ACQUISITION
Source of stock number/acquisition Gift/25.06.2024
082 ## - DEWEY DECIMAL CLASSIFICATION NUMBER
Classification number 921
100 ## - MAIN ENTRY--PERSONAL NAME
Personal name Sathe, shubha
245 ## - TITLE STATEMENT
Title The Illustrated Life of Shivaji Maharaj/
Statement of responsibility, etc by Shubha sathe: Translated by Original Marathi into English
260 ## - PUBLICATION, DISTRIBUTION, ETC. (IMPRINT)
Place of publication, distribution, etc Nagpur
Name of publisher, distributor, etc Lakhe publication
Date of publication, distribution, etc 2023
270 ## - ADDRESS
Address sandhya chanrakant lakhe, mukundraj lane, malal
City Nagpur
300 ## - PHYSICAL DESCRIPTION
Extent 124p.
Dimensions 26cm(pbk)
700 ## - ADDED ENTRY--PERSONAL NAME
Personal name Pathak, vandana
9 (RLIN) 67938
942 ## - ADDED ENTRY ELEMENTS (KOHA)
Source of classification or shelving scheme Dewey Decimal Classification
Item type Children Books
Call number suffix SAT
Classification part 921
Holdings
Withdrawn status Lost status Not for loan Collection code Home library Current library Date acquired Source of acquisition Cost, normal purchase price Full call number Barcode Copy number Cost, replacement price Koha item type Public note
      Non-fiction Ashok Vihar Ashok Vihar 01/07/2024 Gift/25.06.2024 300.00 SAT 921 B-760006 1 300.00 Children Books Gift

© Delhi Public Library
Hit Counter
free hit counter